| 000 | 00983nam a2200313 a 4500 | ||
|---|---|---|---|
| 001 | 24934 | ||
| 003 | CO-ViMGA | ||
| 008 | 141112s2004 ck r 000 u spa d | ||
| 020 | _a9789584538932 | ||
| 040 |
_aCO-ViMGA _bspa _cCO-ViMGA |
||
| 041 | _aSPA | ||
| 090 | _aC NOR1 | ||
| 100 | 1 |
_aNorac, Carl, 1960 - _937490 |
|
| 245 | 1 | 0 |
_aMi mamá es mágica / _cCarl Norac ; ilustrado por Ingrid Godon ; traducido por Carolina Venegas |
| 250 | _a1a ed. | ||
| 260 |
_aBogotá : _bNorma, _c2012 |
||
| 300 | _a29 p. : il. col. | ||
| 490 | _aBuenas noches | ||
| 500 | _aTítulo original de la obra : my mummy is magic | ||
| 650 | 1 | 4 |
_aAUTORES BELGAS _937491 |
| 650 | 1 | 4 |
_aCUENTOS INFANTILES BELGAS _933087 |
| 650 | 1 | 4 |
_aDESDE LOS 6 AÑOS _92351 |
| 650 | 1 | 4 |
_aILUSTRADORES BELGAS _937492 |
| 650 | 1 | 4 |
_aLITERATURA INFANTIL BELGA _937493 |
| 650 | 1 | 4 |
_aMADRE E HIJOS - CUENTO _937494 |
| 700 | 1 |
_aGodon, Ingrid _937495 |
|
| 700 | 1 |
_aVenegas K., Carolina _937496 |
|
| 942 |
_2ddc _cBK |
||
| 999 |
_c2591 _d2591 |
||